[Event "Olympiad Women-42"]
[Site "Baku"]
[Date "2016.09.11"]
[Round "9.4"]
[White "Carraro, Denise"]
[Black "Topel, Zehra"]
[Result "1-0"]
[WhiteElo "2120"]
[BlackElo "2156"]
[PlyCount "119"]
[EventDate "2016.09.02"]
[EventType "team-swiss"]
[EventRounds "11"]
[EventCountry "AZE"]
[SourceTitle "CBM 174 Extra"]
[Source "ChessBase"]
[SourceDate "2016.10.10"]
[SourceVersion "1"]
[SourceVersionDate "2016.10.10"]
[SourceQuality "1"]
[WhiteTeam "Argentina (W)"]
[BlackTeam "Turkey (W)"]
[WhiteTeamCountry "ARG"]
[BlackTeamCountry "TUR"]

1. e4 c5 2. Nf3 d6 3. d4 Nf6 4. Nc3 cxd4 5. Nxd4 a6 6. Be2 e5 7. Nb3 Be6 8. Be3 Be7 9. 0-0 0-0 10. a4 d5 11. exd5 Nxd5 12. Nxd5 Qxd5 13. Qxd5 Bxd5 14. c4 Be6 15. Nc5 Bxc5 16. Bxc5 Rc8 17. Rfd1 Nd7 18. Ba3 e4 19. Rd4 f5 20. f3 Nf6 21. Be7 exf3 22. Bxf3 Ne4 23. Rc1 Kf7 24. Bh4 Nc5 25. Bd5 a5 26. Re1 Ra6 27. Re5 g6 28. g4 fxg4 29. Rxg4 Bxd5 30. Rf4+ Kg8 31. Rxd5 Re6 32. Bf2 Nxa4 33. Rd7 Rf8 34. Rxf8+ Kxf8 35. Rxb7 Rc6 36. b3 Nc3 37. Be1 Ne2+ 38. Kf2 Nd4 39. Bxa5 h5 40. Ke3 Nf5+ 41. Kf4 Nd4 42. Ke4 Nf5 43. Rb6 Rxb6 44. Bxb6 Ke7 45. b4 Ke6 46. Bc5 Nh6 47. b5 Nf7 48. Bf2 Ng5+ 49. Kf4 Nh3+ 50. Kg3 Ng5 51. Be3 Nf7 52. b6 Kd6 53. c5+ Kc6 54. Kf4 Kb7 55. Ke4 Kc6 56. h4 Kd7 57. Kd5 Nd8 58. Bf4 Nc6 59. b7 Ne7+ 60. Ke4 1-0

[Event "SRB Central-ch op-A 9th"]
[Site "Paracin"]
[Date "2016.07.09"]
[Round "4"]
[White "Becker, Marcel"]
[Black "Topel, Zehra"]
[Result "1/2-1/2"]
[WhiteElo "2380"]
[BlackElo "2107"]
[PlyCount "44"]
[EventDate "2016.07.07"]
[EventType "swiss"]
[EventRounds "9"]
[EventCountry "SRB"]
[SourceTitle "CBM 173 Extra"]
[Source "ChessBase"]
[SourceDate "2016.08.29"]
[SourceVersion "1"]
[SourceVersionDate "2016.08.29"]
[SourceQuality "1"]

1. d4 d5 2. c4 dxc4 3. Nf3 c5 4. d5 e6 5. Nc3 exd5 6. Qxd5 Qxd5 7. Nxd5 Bd6 8. e4 Nf6 9. Nxf6+ gxf6 10. Bxc4 Rg8 11. Be3 Rxg2 12. 0-0-0 Be7 13. Rhg1 Bh3 14. Bd5 Nc6 15. Rxg2 Bxg2 16. Rg1 Bxf3 17. Rg8+ Bf8 18. Bxc6+ bxc6 19. Bxc5 0-0-0 20. Rxf8 Rxf8 21. Bxf8 Bxe4 22. Kd2 Kd7 1/2-1/2

[Event "TUR-chT2"]
[Site "Konya"]
[Date "2015.07.26"]
[Round "2.1"]
[White "Topel, Zehra"]
[Black "Daulyte Cornette, Deimante"]
[Result "0-1"]
[WhiteElo "2190"]
[BlackElo "2369"]
[PlyCount "98"]
[EventDate "2015.07.25"]
[EventType "team-swiss"]
[EventRounds "9"]
[EventCountry "TUR"]
[SourceTitle "CBM 167 Extra"]
[Source "ChessBase"]
[SourceDate "2015.09.14"]
[SourceVersion "1"]
[SourceVersionDate "2015.09.14"]
[SourceQuality "1"]
[WhiteTeam "Istanbul Darussafaka"]
[BlackTeam "Burdur Callica"]
[WhiteTeamCountry "TUR"]
[BlackTeamCountry "TUR"]

1. d4 Nf6 2. c4 e6 3. Nf3 d5 4. e3 b6 5. cxd5 exd5 6. Bb5+ c6 7. Be2 Bd6 8. 0-0 0-0 9. Qc2 Ne4 10. Nc3 Bf5 11. Bd3 Re8 12. Nd2 Qe7 13. Ne2 Bg6 14. Nf4 Bxf4 15. exf4 Nxd2 16. Bxd2 Bxd3 17. Qxd3 Nd7 18. Rac1 Qd6 19. a3 Re4 20. Be3 Nf6 21. Qa6 Qd7 22. Rc3 c5 23. Rd1 c4 24. b3 b5 25. bxc4 bxc4 26. Rb1 Re6 27. Qa5 Qc8 28. Rc2 Ra6 29. Qb4 Rb6 30. Qe1 Rxb1 31. Qxb1 Rb8 32. Rb2 Rxb2 33. Qxb2 c3 34. Qb3 h6 35. f3 a5 36. Kf2 Qc6 37. Ke1 Nd7 38. Kd1 Nb6 39. Kc2 Nc4 40. Bc1 Qg6+ 41. Kxc3 Qxg2 42. Qc2 Qxf3+ 43. Qd3 Qh1 44. Qc2 Qe1+ 45. Kb3 Qg1 46. Qf5 Qd1+ 47. Ka2 g6 48. Qc8+ Kg7 49. Qb7 Qxc1 0-1

[Event "Chalkidiki op"]
[Site "Chalkidiki"]
[Date "2015.07.17"]
[Round "7"]
[White "Konstantinidis, Lazaros"]
[Black "Topel, Zehra"]
[Result "0-1"]
[WhiteElo "1804"]
[BlackElo "2173"]
[PlyCount "60"]
[EventDate "2015.07.12"]
[EventType "swiss"]
[EventRounds "9"]
[EventCountry "GRE"]
[SourceTitle "EXT 2016"]
[Source "ChessBase"]
[SourceDate "2015.10.08"]
[SourceVersion "1"]
[SourceVersionDate "2015.10.08"]
[SourceQuality "1"]

1. c4 Nf6 2. d4 g6 3. Nc3 Bg7 4. e4 d6 5. Nge2 0-0 6. Ng3 c5 7. d5 e6 8. Be2 exd5 9. cxd5 Re8 10. h4 h5 11. Bg5 Qa5 12. Qd2 Nbd7 13. 0-0 Ne5 14. Bxf6 Bxf6 15. Bxh5 gxh5 16. Nxh5 Qd8 17. Nb5 Kh7 18. Nc7 Nf3+ 19. gxf3 Rg8+ 20. Ng3 Qxc7 21. Kh2 Qe7 22. f4 Bd4 23. Rh1 Qf6 24. Rag1 Bd7 25. Kg2 Rae8 26. Re1 Rg4 27. f5 Qh6 28. Qxh6+ Kxh6 29. Kf3 Reg8 30. a3 Bxf2 0-1

[Event "Chalkidiki op"]
[Site "Chalkidiki"]
[Date "2015.07.16"]
[Round "6"]
[White "Topel, Zehra"]
[Black "Antic, Dejan"]
[Result "0-1"]
[WhiteElo "2173"]
[BlackElo "2502"]
[PlyCount "112"]
[EventDate "2015.07.12"]
[EventType "swiss"]
[EventRounds "9"]
[EventCountry "GRE"]
[SourceTitle "EXT 2016"]
[Source "ChessBase"]
[SourceDate "2015.10.08"]
[SourceVersion "1"]
[SourceVersionDate "2015.10.08"]
[SourceQuality "1"]

1. d4 Nf6 2. c4 g6 3. Nc3 Bg7 4. e4 d6 5. f3 0-0 6. Be3 c5 7. Nge2 Nc6 8. d5 Ne5 9. Ng3 h5 10. Be2 h4 11. Nf1 e6 12. Bg5 Qb6 13. Qb3 exd5 14. Qxb6 axb6 15. cxd5 h3 16. g3 Bd7 17. Nd2 Rfe8 18. 0-0 Nh7 19. Bf4 f5 20. exf5 gxf5 21. Rfe1 Nf6 22. Bf1 Nh5 23. Bxe5 dxe5 24. Nc4 b5 25. Nb6 b4 26. Nd1 e4 27. Nxa8 Rxa8 28. Bxh3 exf3 29. Kf2 Nf6 30. Re7 Rd8 31. Ne3 Ne4+ 32. Kxf3 Bxb2 33. Rd1 Nd6 34. Ng2 Bf6 35. Ree1 c4 36. g4 Ra8 37. gxf5 Rxa2 38. Nf4 Ra3+ 39. Re3 c3 40. Nh5 Kf7 41. Rg1 c2 42. Rxa3 bxa3 43. Nxf6 Kxf6 44. Ke2 Ba4 45. Kd3 b5 46. Kc3 Ne4+ 47. Kb4 a2 48. Rc1 Ke5 49. f6 Kxf6 50. Ka3 Nc3 51. d6 b4+ 52. Kb2 Nd1+ 53. Kxa2 b3+ 54. Ka3 b2 55. Rxc2 Bxc2 56. d7 Ke7 0-1

[Event "Cesme op 3rd"]
[Site "Cesme"]
[Date "2015.06.16"]
[Round "2"]
[White "Kuzubov, Yuriy"]
[Black "Topel, Zehra"]
[Result "1-0"]
[WhiteElo "2650"]
[BlackElo "2173"]
[PlyCount "105"]
[EventDate "2015.06.15"]
[EventType "swiss"]
[EventRounds "9"]
[EventCountry "TUR"]
[SourceTitle "CBM 167 Extra"]
[Source "ChessBase"]
[SourceDate "2015.09.14"]
[SourceVersion "1"]
[SourceVersionDate "2015.09.14"]
[SourceQuality "1"]

1. d4 d5 2. c4 dxc4 3. Nf3 a6 4. e3 b5 5. a4 Bb7 6. b3 e6 7. bxc4 bxc4 8. Bxc4 Nf6 9. 0-0 Nbd7 10. Nbd2 c5 11. Rb1 Rb8 12. Qe2 Qc8 13. Ba3 Qc6 14. e4 cxd4 15. Nxd4 Qc8 16. Bxf8 Kxf8 17. Rfc1 Qc5 18. N2f3 Bxe4 19. Rxb8+ Nxb8 20. Qe3 Qd6 21. Ng5 Ng4 22. Qg3 Qxg3 23. hxg3 Nf6 24. Bxe6 fxe6 25. Rc8+ Ne8 26. Nxe4 Nd7 27. Nxe6+ Kf7 28. N6c5 Nxc5 29. Nxc5 h5 30. Ra8 h4 31. g4 h3 32. Ra7+ Kg6 33. Ne4 hxg2 34. Kxg2 a5 35. Rxa5 Nc7 36. Rg5+ Kf7 37. Rc5 Na6 38. Rf5+ Kg6 39. Rb5 Kf7 40. Rb7+ Ke6 41. Rb6+ Ke5 42. Rxa6 Kxe4 43. Rg6 Ra8 44. Rxg7 Rxa4 45. f3+ Kf4 46. Rf7+ Kg5 47. Rf5+ Kg6 48. Kg3 Ra8 49. Re5 Ra3 50. Kf2 Ra4 51. Re3 Kg5 52. Kg3 Rb4 53. f4+ 1-0

[Event "EU-ch (Women) 16th"]
[Site "Chakvi"]
[Date "2015.05.27"]
[Round "8"]
[White "Topel, Zehra"]
[Black "Umudova, Nargiz"]
[Result "1/2-1/2"]
[WhiteElo "2179"]
[BlackElo "2275"]
[PlyCount "109"]
[EventDate "2015.05.19"]
[EventType "swiss"]
[EventRounds "11"]
[EventCountry "GEO"]
[SourceTitle "CBM 166 Extra"]
[Source "ChessBase"]
[SourceDate "2015.06.18"]
[SourceVersion "1"]
[SourceVersionDate "2015.06.18"]
[SourceQuality "1"]

1. d4 Nf6 2. c4 e6 3. Nf3 Bb4+ 4. Nbd2 0-0 5. e3 d5 6. a3 Bxd2+ 7. Qxd2 a5 8. b3 Ne4 9. Qc2 Nc6 10. Bd3 f5 11. 0-0 Bd7 12. Ne1 Qf6 13. Rb1 Be8 14. b4 axb4 15. axb4 f4 16. cxd5 exd5 17. b5 Ne7 18. Qxc7 Bg6 19. exf4 Rfc8 20. Qe5 Nc3 21. Qxf6 gxf6 22. Rb2 Nf5 23. Be3 Nd1 24. Bxf5 Bxf5 25. Rb3 Ra2 26. Nd3 Nxe3 27. fxe3 Bxd3 28. Rxd3 Rcc2 29. Kh1 Kf7 30. Rg1 Ke6 31. h3 Kf5 32. Kh2 Rab2 33. Ra3 Ke4 34. Kg3 Rxb5 35. Kg4 Rbb2 36. g3 b5 37. f5 b4 38. Ra6 b3 39. Rxf6 Rf2 40. Rd1 Rbd2 41. Rxd2 Rxd2 42. Rb6 b2 43. f6 Rf2 44. f7 Rxf7 45. Rxb2 Kxe3 46. Rb4 Ke4 47. Kh4 Kd3 48. Kg4 Kc3 49. Ra4 Kb3 50. Ra5 Kc4 51. Ra4+ Kb3 52. Ra1 Kc3 53. Rd1 Kc2 54. Ra1 Kc3 55. Ra4 1/2-1/2

[Event "EU-ch (Women) 16th"]
[Site "Chakvi"]
[Date "2015.05.25"]
[Round "7"]
[White "Tskhadadze, Anna"]
[Black "Topel, Zehra"]
[Result "0-1"]
[WhiteElo "1938"]
[BlackElo "2179"]
[PlyCount "92"]
[EventDate "2015.05.19"]
[EventType "swiss"]
[EventRounds "11"]
[EventCountry "GEO"]
[SourceTitle "CBM 166 Extra"]
[Source "ChessBase"]
[SourceDate "2015.06.18"]
[SourceVersion "1"]
[SourceVersionDate "2015.06.18"]
[SourceQuality "1"]

1. c4 g6 2. g3 Bg7 3. Bg2 e5 4. Nc3 d6 5. d3 f5 6. e3 Nf6 7. Nge2 Nc6 8. 0-0 0-0 9. h3 Be6 10. Nd5 Rb8 11. e4 Ne7 12. Be3 a6 13. Qc2 c6 14. Nxf6+ Bxf6 15. f4 Qd7 16. Kh2 b5 17. c5 fxe4 18. cxd6 Nf5 19. Bc5 exd3 20. Qxd3 exf4 21. Nxf4 Bc4 22. Qa3 Bxf1 23. Rxf1 Be5 24. Qxa6 Bxd6 25. Bxc6 Qe7 26. Bd5+ Kh8 27. Bxd6 Qxd6 28. Qxd6 Nxd6 29. Rc1 Rbc8 30. Rxc8 Rxc8 31. Bb3 Nc4 32. Nd3 Rd8 33. Bxc4 bxc4 34. Ne5 Rd2+ 35. Kg1 Rxb2 36. Nxc4 Rxa2 37. Ne3 Kg7 38. Ng4 h5 39. Nf2 Kf6 40. Ne4+ Ke5 41. Ng5 Kd4 42. Ne6+ Ke3 43. Ng5 h4 44. gxh4 Kf4 45. Kf1 Kg3 46. Nf7 Rf2+ 0-1

[Event "Olympiad Women-41"]
[Site "Tromsoe"]
[Date "2014.08.06"]
[Round "5.4"]
[White "Groves, Carey"]
[Black "Topel, Zehra"]
[Result "0-1"]
[WhiteElo "2027"]
[BlackElo "2156"]
[PlyCount "80"]
[EventDate "2014.08.02"]
[EventType "team-swiss"]
[EventRounds "11"]
[EventCountry "NOR"]
[SourceTitle "CBM 162"]
[Source "ChessBase"]
[SourceDate "2014.09.17"]
[SourceVersion "1"]
[SourceVersionDate "2014.09.17"]
[SourceQuality "1"]
[WhiteTeam "Scotland (W)"]
[BlackTeam "Turkey (W)"]
[WhiteTeamCountry "SCO"]
[BlackTeamCountry "TUR"]

1. Nf3 g6 2. c4 Bg7 3. Nc3 f5 4. d4 Nf6 5. Qc2 d6 6. e4 0-0 7. Bd3 fxe4 8. Nxe4 Nc6 9. Nxf6+ exf6 10. Be3 Bg4 11. Be2 f5 12. d5 Bxf3 13. Bxf3 Ne5 14. 0-0-0 c5 15. dxc6 bxc6 16. Bd4 Rb8 17. b3 Qc7 18. Rhe1 a5 19. Qc3 c5 20. Bd5+ Kh8 21. Bxe5 Bxe5 22. Qc2 a4 23. Rd3 axb3 24. axb3 Qa5 25. Kd1 Rfe8 26. Rde3 f4 27. Re4 Qa3 28. Ke2 Rxb3 29. Kf1 Reb8 30. R4e2 Qa5 31. Qe4 Qd8 32. Ra2 Qh4 33. Kg1 Qh5 34. h3 Qg5 35. Qe2 Rxh3 36. Ra8 Rxa8 37. Bxa8 f3 38. Qxf3 Rxf3 39. Bxf3 Qd2 40. Rf1 Qf4 0-1

[Event "Olympiad Women-41"]
[Site "Tromsoe"]
[Date "2014.08.04"]
[Round "3.4"]
[White "Voiska, Margarita"]
[Black "Topel, Zehra"]
[Result "1/2-1/2"]
[WhiteElo "2279"]
[BlackElo "2156"]
[PlyCount "82"]
[EventDate "2014.08.02"]
[EventType "team-swiss"]
[EventRounds "11"]
[EventCountry "NOR"]
[SourceTitle "CBM 162"]
[Source "ChessBase"]
[SourceDate "2014.09.17"]
[SourceVersion "1"]
[SourceVersionDate "2014.09.17"]
[SourceQuality "1"]
[WhiteTeam "Bulgaria (W)"]
[BlackTeam "Turkey (W)"]
[WhiteTeamCountry "BUL"]
[BlackTeamCountry "TUR"]

1. Nf3 Nf6 2. g3 g6 3. b3 Bg7 4. Bb2 d6 5. d4 0-0 6. Bg2 Nc6 7. 0-0 Bg4 8. d5 Nb4 9. c4 Qd7 10. a3 Na6 11. b4 Bh3 12. Nc3 Bxg2 13. Kxg2 c6 14. Qd2 Nc7 15. dxc6 bxc6 16. Nd4 h5 17. f3 e5 18. Nb3 h4 19. Rad1 Rfd8 20. Qc2 Qe6 21. Na5 d5 22. cxd5 cxd5 23. Na4 Rdc8 24. Nc5 Qe8 25. Nab7 Bf8 26. Qd2 Ne6 27. Rc1 Nxc5 28. Nxc5 d4 29. e3 Bh6 30. f4 Nd5 31. exd4 exf4 32. Kh1 hxg3 33. hxg3 Ne3 34. Rf3 Qc6 35. d5 Qxd5 36. Qxd5 Nxd5 37. Rd1 Ne3 38. Rd7 Nc4 39. Bf6 a5 40. gxf4 axb4 41. axb4 Re8 1/2-1/2

[Event "Olympiad Women-41"]
[Site "Tromsoe"]
[Date "2014.08.02"]
[Round "1.3"]
[White "Adhikari, Ashmita"]
[Black "Topel, Zehra"]
[Result "0-1"]
[WhiteElo "1663"]
[BlackElo "2156"]
[PlyCount "68"]
[EventDate "2014.08.02"]
[EventType "team-swiss"]
[EventRounds "11"]
[EventCountry "NOR"]
[SourceTitle "CBM 162"]
[Source "ChessBase"]
[SourceDate "2014.09.17"]
[SourceVersion "1"]
[SourceVersionDate "2014.09.17"]
[SourceQuality "1"]
[WhiteTeam "Nepal (W)"]
[BlackTeam "Turkey (W)"]
[WhiteTeamCountry "NEP"]
[BlackTeamCountry "TUR"]

1. e4 c5 2. g3 Nc6 3. Bg2 g6 4. d3 Bg7 5. Ne2 e6 6. Nbc3 Nge7 7. 0-0 0-0 8. f4 d6 9. Rb1 Qd7 10. g4 f5 11. exf5 exf5 12. g5 d5 13. Qe1 Nb4 14. Qd2 d4 15. Nd1 Nxa2 16. Rf3 Nxc1 17. Qxc1 b6 18. h4 Bb7 19. Rh3 Bxg2 20. Kxg2 Nd5 21. Qd2 Rfe8 22. c3 Qe6 23. Ng3 Qe1 24. Qxe1 Rxe1 25. Kf2 Rae8 26. c4 Nxf4 27. Rh1 Nxd3+ 28. Kg2 f4 29. Rxe1 Nxe1+ 30. Kf2 fxg3+ 31. Kxg3 Nd3 32. Nf2 Re3+ 33. Kg2 Re2 34. Rf1 Rxb2 0-1

[Event "EU-ch (Women) 15th"]
[Site "Plovdiv"]
[Date "2014.07.09"]
[Round "4"]
[White "Videnova, Iva"]
[Black "Topel, Zehra"]
[Result "1-0"]
[WhiteElo "2315"]
[BlackElo "2170"]
[PlyCount "79"]
[EventDate "2014.07.06"]
[EventType "swiss"]
[EventRounds "11"]
[EventCountry "BUL"]
[SourceTitle "CBM 162"]
[Source "ChessBase"]
[SourceDate "2014.09.17"]
[SourceVersion "1"]
[SourceVersionDate "2014.09.17"]
[SourceQuality "1"]

1. e4 c5 2. Nf3 d6 3. d4 cxd4 4. Nxd4 Nf6 5. Nc3 Nc6 6. Bg5 e6 7. Qd2 a6 8. 0-0-0 Bd7 9. f4 h6 10. Bh4 g5 11. fxg5 Ng4 12. Nxc6 bxc6 13. e5 d5 14. Ne4 dxe4 15. g6 Be7 16. Qf4 Bg5 17. gxf7+ Kf8 18. Bxg5 Qxg5 19. Qxg5 hxg5 20. Rxd7 Rh7 21. Be2 Nf2 22. Rf1 e3 23. h3 Rxf7 24. Rxf7+ Kxf7 25. Bf3 Kg6 26. Re1 g4 27. hxg4 Kg5 28. Rxe3 Nxg4 29. Bxg4 Kxg4 30. Rf3 c5 31. Rf6 Re8 32. Kd2 Kg3 33. Kc3 Kxg2 34. Kc4 Kg3 35. c3 Rb8 36. b3 Rc8 37. Rxe6 Kf4 38. Rxa6 Kxe5 39. a4 Rc7 40. Rh6 1-0

[Event "TUR-chT"]
[Site "Konya"]
[Date "2012.07.22"]
[Round "13"]
[White "Topel, Zehra"]
[Black "Nalbantoglu, Hasan Hulki"]
[Result "1-0"]
[WhiteElo "2226"]
[BlackElo "1997"]
[PlyCount "57"]
[EventDate "2012.07.11"]
[EventType "team-tourn"]
[EventRounds "13"]
[EventCountry "TUR"]
[SourceTitle "CBM 149 Extra"]
[Source "ChessBase"]
[SourceDate "2012.08.24"]
[SourceVersion "1"]
[SourceVersionDate "2012.08.24"]
[SourceQuality "1"]
[WhiteTeam "Ankara Gazi"]
[BlackTeam "Manisa TS Alyans"]
[WhiteTeamCountry "TUR"]
[BlackTeamCountry "TUR"]

1. d4 d5 2. c4 c6 3. Nc3 Nf6 4. Nf3 e6 5. e3 Nbd7 6. Be2 dxc4 7. Bxc4 b5 8. Bd3 a6 9. 0-0 c5 10. b3 Bb7 11. Qe2 Rc8 12. Bb2 Be7 13. Rfd1 Qb6 14. Rac1 0-0 15. Bb1 Rfd8 16. Ne5 Nf8 17. dxc5 Bxc5 18. Ng4 Be7 19. Rxd8 Rxd8 20. Nd1 N8d7 21. Ne5 Qd6 22. f4 g6 23. Nf2 Qb6 24. Bd4 Bc5 25. Rxc5 Nxc5 26. b4 Qc7 27. bxc5 Nd7 28. Nxd7 Qxd7 29. Ng4 1-0

[Event "TUR-chT"]
[Site "Konya"]
[Date "2012.07.12"]
[Round "2"]
[White "Genc, Cihan Sevinc"]
[Black "Topel, Zehra"]
[Result "1/2-1/2"]
[WhiteElo "2203"]
[BlackElo "2226"]
[PlyCount "81"]
[EventDate "2012.07.11"]
[EventType "team-tourn"]
[EventRounds "13"]
[EventCountry "TUR"]
[SourceTitle "CBM 149 Extra"]
[Source "ChessBase"]
[SourceDate "2012.08.24"]
[SourceVersion "1"]
[SourceVersionDate "2012.08.24"]
[SourceQuality "1"]
[WhiteTeam "Denizli Er Bakir"]
[BlackTeam "Ankara Gazi"]
[WhiteTeamCountry "TUR"]
[BlackTeamCountry "TUR"]

1. Nf3 Nf6 2. c4 g6 3. Nc3 Bg7 4. g3 d6 5. Rb1 e5 6. Bg2 0-0 7. 0-0 Bf5 8. d3 Qc8 9. Re1 Nc6 10. Bg5 h6 11. Bxf6 Bxf6 12. b4 Qd7 13. b5 Nd8 14. Nd2 Bg7 15. a4 Bh3 16. Bh1 f5 17. Qc2 Rb8 18. Nd5 Ne6 19. e3 g5 20. a5 f4 21. a6 fxe3 22. fxe3 Bf5 23. axb7 Nc5 24. Nb4 e4 25. dxe4 Bg6 26. Nc6 Rxb7 27. Nb3 Nxb3 28. Rxb3 Qe6 29. Qd3 Bf7 30. Rc1 Be5 31. Bg2 h5 32. Rbb1 h4 33. Nd4 Qd7 34. gxh4 gxh4 35. Nf5 Be6 36. Bh3 Qh7 37. Kh1 Kh8 38. Rg1 Rbb8 39. Qe2 Rg8 40. Rxg8+ Rxg8 41. Rc1 1/2-1/2

[Event "TUR-chT"]
[Site "Konya"]
[Date "2010.07.08"]
[Round "13"]
[White "Topel, Zehra"]
[Black "Gaponenko, Inna"]
[Result "1/2-1/2"]
[WhiteElo "2226"]
[BlackElo "2465"]
[PlyCount "148"]
[EventDate "2010.06.29"]
[EventType "team-tourn"]
[EventRounds "13"]
[EventCountry "TUR"]
[SourceTitle "CBM 137 Extra"]
[Source "ChessBase"]
[SourceDate "2010.09.01"]
[SourceVersion "1"]
[SourceVersionDate "2010.09.01"]
[SourceQuality "1"]

1. d4 Nf6 2. c4 e6 3. Nf3 d5 4. Nc3 Bb4 5. Qa4+ Nc6 6. e3 Ne4 7. Qc2 0-0 8. a3 Bxc3+ 9. bxc3 Ne7 10. Bd3 Nf6 11. 0-0 c5 12. Rd1 Qc7 13. Bb2 dxc4 14. Bxc4 cxd4 15. cxd4 b5 16. Bd3 Qxc2 17. Bxc2 Bb7 18. Ne5 Be4 19. Bb3 Rfc8 20. Rac1 Bd5 21. Bc2 Rxc2 22. Rxc2 Bb3 23. Rc7 Nfd5 24. Rdc1 Nxc7 25. Rxc7 Kf8 26. Nd7+ Ke8 27. Nc5 Bd5 28. Na6 Kd8 29. f3 Rc8 30. Rxc8+ Nxc8 31. Bc3 Nd6 32. e4 Ba8 33. Bb4 Nc4 34. Kf2 Kc8 35. Ke2 Bb7 36. Nc5 a5 37. Bc3 Kc7 38. Kd3 Bc6 39. g3 Kb6 40. a4 g6 41. h4 h5 42. Be1 Nb2+ 43. Kc3 Nxa4+ 44. Nxa4+ bxa4 45. Kc4 Bb5+ 46. Kc3 Be2 47. f4 Bf3 48. e5 Kb5 49. Bd2 a3 50. Kb3 a2 51. Kxa2 a4 52. Ka3 Bd1 53. Bb4 Kc4 54. Bc5 Kd5 55. Bb6 Ke4 56. Bc5 Kf3 57. Be7 Kxg3 58. Bg5 Kf3 59. Kb4 Ke4 60. Ka3 Kxd4 61. Kb4 Bb3 62. Ka3 Kc5 63. Be7+ Kb5 64. Bg5 Bd5 65. Be7 Bc6 66. Bg5 Kc4 67. Bf6 Kd4 68. Kb4 Ke4 69. Bg5 Kf5 70. Ka3 Be8 71. Kb4 f6 72. exf6 e5 73. fxe5 Kxe5 74. f7 Bxf7 1/2-1/2

[Event "TUR-chT"]
[Site "Konya"]
[Date "2010.07.07"]
[Round "12"]
[White "Dincel, Melodi"]
[Black "Topel, Zehra"]
[Result "0-1"]
[WhiteElo "1824"]
[BlackElo "2226"]
[PlyCount "130"]
[EventDate "2010.06.29"]
[EventType "team-tourn"]
[EventRounds "13"]
[EventCountry "TUR"]
[SourceTitle "CBM 137 Extra"]
[Source "ChessBase"]
[SourceDate "2010.09.01"]
[SourceVersion "1"]
[SourceVersionDate "2010.09.01"]
[SourceQuality "1"]

1. c4 g6 2. Nc3 Bg7 3. e4 d6 4. Nge2 c5 5. g3 Nc6 6. h3 e5 7. d3 Be6 8. Bg2 f5 9. f4 Nf6 10. Nd5 0-0 11. 0-0 Qd7 12. Kh2 Rae8 13. Nec3 fxe4 14. Nxf6+ Bxf6 15. Nxe4 Bg7 16. Be3 Kh8 17. Qd2 Bf5 18. Ng5 exf4 19. Bxf4 Ne5 20. Bxe5 Bxe5 21. Ne4 Qg7 22. Rab1 Re7 23. Ng5 Bd4 24. Rbe1 Rxe1 25. Rxe1 Be5 26. Rf1 Re8 27. Bd5 Re7 28. Ne4 Bxe4 29. dxe4 Bxb2 30. Rf3 Bd4 31. Qe2 Qh6 32. Qf1 Qd2+ 33. Kh1 h5 34. Rf8+ Kg7 35. Rf7+ Rxf7 36. Qxf7+ Kh6 37. Qf8+ Bg7 38. Qxd6 Qc1+ 39. Kg2 Qb2+ 40. Kh1 Qb1+ 41. Kg2 Qxa2+ 42. Kh1 Qb1+ 43. Kg2 Qc2+ 44. Kh1 Qd1+ 45. Kg2 Qe2+ 46. Kh1 Qf1+ 47. Kh2 Qf2+ 48. Kh1 Qe1+ 49. Kg2 Qd2+ 50. Kh1 Qc1+ 51. Kg2 Qb2+ 52. Kh1 Qc1+ 53. Kg2 Qd2+ 54. Kh1 Qd1+ 55. Kg2 b6 56. Qf4+ Kh7 57. Qc7 a5 58. Qxb6 Qe2+ 59. Kh1 Qf1+ 60. Kh2 Qf2+ 61. Kh1 Qxg3 62. Qxc5 Qxh3+ 63. Kg1 Qg3+ 64. Kh1 Qf3+ 65. Kg1 a4 0-1